| 000 | 01448cam a2200373 a 4500 | ||
|---|---|---|---|
| 001 | 118228 | ||
| 005 | 20230410120719.0 | ||
| 008 | 120104s2011 fr b 000 0 fre d | ||
| 035 | _a17194128 | ||
| 925 | 0 |
_aacquire _b1 shelf copy _xpolicy default |
|
| 942 |
_2lcc _cbk |
||
| 010 | _a 2012400700 | ||
| 020 | _a9782749214825 | ||
| 020 | _a2749214823 | ||
| 035 | _a(OCoLC)ocn772498468 | ||
| 040 |
_aTZT _cTZT _dMNU _dDLC |
||
| 042 | _alccopycat | ||
| 050 | 1 | 4 |
_aHQ799.2.M35 _bF73 2011 |
| 100 | 1 | _aFrau-Meigs, Divina. | |
| 245 | 1 | 0 |
_aSocialisation des jeunes et éducation aux médias : _bdu bon usage des contenus et comportements à risque / _cDivina Frau-Meigs. |
| 260 |
_aToulouse : _bÉditions Érès ; _a[Paris] : _bCEMÉA, _cc2011. |
||
| 300 |
_a234 p. ; _c22 cm. |
||
| 490 | 0 | _aEducation et société | |
| 500 | _aIncludes glossary. | ||
| 504 | _aIncludes bibliographical references. | ||
| 505 | 0 | _aLe processus de socialisation par les médias de quelques notions clés -- Violence et sens des valeurs -- Pornographie et désarroi des corps et des sentiments -- Publicité et mise en conformité -- La maîtrise des médias. | |
| 650 | 0 | _aMass media and youth. | |
| 650 | 0 |
_aYouth _xSocial conditions. |
|
| 650 | 0 |
_aMass media _xSocial aspects. |
|
| 710 | 2 | _aCentres d'entraãinement aux mâethodes d'âeducation active (Paris, France) | |
| 923 |
_d20120221 _nB00121323 _sFrPJT |
||
| 985 | _eVENDOR LOAD | ||
| 946 | _aIMRO | ||
| 999 |
_c50416 _d50416 |
||